Derap revolusi : (Record no. 62148)

MARC details
000 -LEADER
fixed length control field 00614cam a22002051 4500
001 - CONTROL NUMBER
control field sa 65001664
003 - CONTROL NUMBER IDENTIFIER
control field DLC
005 - DATE AND TIME OF LATEST TRANSACTION
control field 20260227112110.0
008 - FIXED-LENGTH DATA ELEMENTS--GENERAL INFORMATION
fixed length control field 890504s1962 io 000 0 ind
010 ## - LIBRARY OF CONGRESS CONTROL NUMBER
LC control number sa 65001664
035 ## - SYSTEM CONTROL NUMBER
System control number (OCoLC)19656467
040 ## - CATALOGING SOURCE
Original cataloging agency DLC
Transcribing agency CU
Modifying agency MiU
-- DLC
042 ## - AUTHENTICATION CODE
Authentication code premarc
050 00 - LIBRARY OF CONGRESS CALL NUMBER
Classification number PL5089.A36
Item number D4
100 1# - MAIN ENTRY--PERSONAL NAME
Personal name Aidit, Sobron.
245 10 - TITLE STATEMENT
Title Derap revolusi :
Remainder of title kumpulan novelette and tjerpen.
260 ## - PUBLICATION, DISTRIBUTION, ETC.
Place of publication, distribution, etc. [Djakarta]
Name of publisher, distributor, etc. Bagian Penerbitan, Lembaga Kebudajaan Rakjat,
Date of publication, distribution, etc. [cover 1962]
300 ## - PHYSICAL DESCRIPTION
Extent 188 p. ;
Dimensions 18 cm.
651 #0 - SUBJECT ADDED ENTRY--GEOGRAPHIC NAME
Geographic name Indonesia
General subdivision History
Chronological subdivision Revolution, 1945-1949
Form subdivision Fiction.

No items available.

Powered by Koha